Life's a game so fix the odds : (Record no. 15970)

000 -LEADER
fixed length control field 02742nam a2200217 a 4500
001 - CONTROL NUMBER
control field ASIN1841126829
005 - DATE AND TIME OF LATEST TRANSACTION
control field 20170105102929.0
008 - FIXED-LENGTH DATA ELEMENTS--GENERAL INFORMATION
fixed length control field 131218s2005 xxu eng d
020 ## - INTERNATIONAL STANDARD BOOK NUMBER
International Standard Book Number 1841126829 (paperback)
Terms of availability $24.95
020 ## - INTERNATIONAL STANDARD BOOK NUMBER
International Standard Book Number 9781841126821 (paperback)
040 ## - CATALOGING SOURCE
Original cataloging agency 0
082 ## - DEWEY DECIMAL CLASSIFICATION NUMBER
Classification number 650.1
Author Mark HES 2005
100 1# - MAIN ENTRY--PERSONAL NAME
Personal name Hesketh, Philip.
245 10 - TITLE STATEMENT
Title Life's a game so fix the odds :
Remainder of title how to be more persuasive and influential in your personal and business life /
Statement of responsibility, etc. Philip Hesketh.
250 ## - EDITION STATEMENT
Edition statement 1st ed.
260 ## - PUBLICATION, DISTRIBUTION, ETC.
Place of publication, distribution, etc. [S.l.] :
Name of publisher, distributor, etc. Capstone,
Date of publication, distribution, etc. 2005.
300 ## - PHYSICAL DESCRIPTION
Extent 262 p. ;
Dimensions 24 cm.
520 ## - SUMMARY, ETC.
Summary, etc. "The Government would do well to appoint someone to teach us all how persuasion and influence work. I believe it's one of the key skills for everyone who wants to get on in life or business to learn. I'd give the job without hesitation, or even an interview, to Phil Hesketh. This book is the definitive guide to being more persuasive and influential." Steve McDermott, author of the bestselling How to Be a Complete and Utter Failure in Life, Work and Everything and winner of the European Business Speaker of the Year award. Suppose there was a way to earn more money, get your own way and be more popular. There is. Life's A Game So Fix The Odds is a guide to some of the most powerful influencing and persuading techniques known to man. It shows you how to achieve what you thought was impossible. It reveals how positive communication really works. It proves that you can meet any challenge if you apply yourself in the right way. Philip Hesketh uses accessible and memorable persuasion techniques that will have you laughing along and itching to use them. The principles can be applied to a whole range of life's challenges – from getting the best table at a restaurant and surpassing sales targets, to remembering people's names and negotiating a better salary. It's all within your grasp. It's so simple if you know how. Now you do. Philip Hesketh is a psychology graduate who enjoyed a highly successful sales career at Procter & Gamble. In 1986 he was creator, Managing Partner and New Business Director of Advertising Principles, an advertising agency that has grown into a multi-million pound business. Having spent his entire working life studying and practicing persuasion and influence, Philip is now a speaker on 'The Psychology of Persuasion'. He mixes thought-provoking, well-researched, persuasive techniques with his own highly entertaining, unique brand of humour. The result? Audiences leave Philip’s events inspired and better informed on how buying, selling, persuading and influencing actually work.
856 40 - ELECTRONIC LOCATION AND ACCESS
Materials specified Amazon.com
Uniform Resource Identifier <a href="http://www.amazon.com/exec/obidos/ASIN/1841126829/chopaconline-20">http://www.amazon.com/exec/obidos/ASIN/1841126829/chopaconline-20</a>
942 ## - ADDED ENTRY ELEMENTS (KOHA)
Source of classification or shelving scheme
Koha item type Book
Holdings
Withdrawn status Lost status Damaged status Not for loan Collection code Permanent Location Current Location Shelving location Date acquired Total Checkouts Full call number Barcode Date last seen Price effective from Koha item type
          Centre for International Peace & Stability (CIPS) Centre for International Peace & Stability (CIPS) General Stacks 10/02/2013   650.1 HES 2005 CIPS0002381 12/18/2013 12/18/2013 Book
© 2023 Central Library, National University of Sciences and Technology. All Rights Reserved.